Les pleurs de Philippe (Record no. 151637)

MARC details
000 -LEADER
campo de control de longitud fija 01102nam a22002295i 4500
001 - NÚMERO DE CONTROL
campo de control 151637
003 - IDENTIFICADOR DE NÚMERO DE CONTROL
campo de control ES-MaACL
005 - FECHA Y HORA DE LA ÚLTIMA TRANSACCIÓN
campo de control 20250930063130.0
008 - DATOS DE LONGITUD FIJA--INFORMACIÓN GENERAL
campo de control de longitud fija 990426s1875 fr |||| | fre d
040 ## - FUENTE DE CATALOGACIÓN
Centro catalogador/agencia de origen CCPB | B
Lengua de catalogación spa
Centro/agencia transcriptor CCPB | B
080 ## - NÚMERO DE LA CLASIFICACIÓN DECIMAL UNIVERSAL
Número de la Clasificación Decimal Universal 821.14'04'-14"11"
100 1# - ENTRADA PRINCIPAL--NOMBRE DE PERSONA
Nombre de persona Philippus Solitarius,
Fechas asociadas al nombre s. XI
9 (RLIN) 146114
245 14 - MENCIÓN DEL TÍTULO
Título Les pleurs de Philippe
Resto del título : poéme en vers politiques de Philippe le Solitaire /
Mención de responsabilidad, etc. publié dans le texte pour la première fois, d'après six manuscrits de la Bibliothèque Nationale, par l'abbé Emmanuel Auvray.
260 ## - PUBLICACIÓN, DISTRIBUCIÓN, ETC.
Lugar de publicación, distribución, etc. Paris :
Nombre del editor, distribuidor, etc. Librairie A. Franck,
Fecha de publicación, distribución, etc. 1875 (
Fabricante Nogent-le-Rotrou, imprimerie de A. Gouverneur)
300 ## - DESCRIPCIÓN FÍSICA
Extensión 107 p. ;
Dimensiones 24 cm.
490 1# - MENCIÓN DE SERIE
Mención de serie Bibliothéque de l'école des hautes études. Sciences philologiques et historiques ;
Designación de volumen o secuencia fasc. 22
546 ## - NOTA DE IDIOMA
Nota de lengua/lenguaje Texto en griego; introduccion y notas en francés.
700 1# - ENTRADA AGREGADA--NOMBRE PERSONAL
Nombre de persona Auvray, Emmanuel.
9 (RLIN) 125752
830 00 - PUNTO DE ACCESO ADICIONAL DE SERIE-TÍTULO UNIFORME
Título uniforme Bibliothèque de l'École des Hautes Études. Sciences historiques et philologiques
Designación de volumen o secuencia fasc. 22
9 (RLIN) 229685
852 ## - LOCALIZACIÓN
Ubicación ES-MaACL
Número de control de estantería C-7565
Nota libre -- Enc. hol.
Holdings
Estatus retirado Estado de pérdida Estado de daño No para préstamo Colección Biblioteca de origen Biblioteca actual Ubicación en estantería Fecha de adquisición Total de préstamos Signatura topográfica completa Código de barras Visto por última vez Precio de reemplazo Tipo de ítem Koha
        Libros del s. XIX Biblioteca del Ateneo de Madrid Biblioteca del Ateneo de Madrid Sala Palomar 17/01/2008   C-7565 1158246 23/02/2023 23/02/2023 Libro impreso antiguo